00446nam a22001572 4500001001100000005001700011008004100028020001700069040001500086245007500101250001300176260003600189300001800225650004200243852000300285000002400420151217152254.0130425s xx 000 0 eng d a1889325090 : aKABUcKABU10aPediatrics :bsolving patient problems /c[edited by] H. David Wilson. a1st ed. aMalden, MA :bBlackwell,c1999. axxii, 282 p. 0aPediatricsxCase studies.@00001838781